| 000 | 01157nam a22003017a 4500 | ||
|---|---|---|---|
| 999 |
_c21464 _d21464 |
||
| 003 | AR-CdUCM | ||
| 008 | 190220b ||||| |||| 00| 0 spa d | ||
| 020 | _a9789972516283 | ||
| 040 |
_aMUNICIPALIDAD PROVINCIAL DEL CUSCO _cBIBLIOTECA MUNICIPAL DEL CUSCO |
||
| 082 |
_a333.53/M32 _bM32 _2Segunda |
||
| 100 |
_aMayer, Enrique _94404 |
||
| 245 |
_aCuentos feos de la reforma agraria peruana / _cEnrique Mayer ; traducción de Aroma de la Cadena y Eloy Neira |
||
| 260 |
_aLima : _bInstituto de Estudios Peruanos, IEP, _c2017. |
||
| 300 |
_a438 páginas. : _bilustraciones ; _c23 cm. |
||
| 440 |
_aSerie Perú Problema, _n34. _944890 |
||
| 500 |
_zBibliografía: p. [411] - 438. _aTraducción de: Ugly stories of the Peruvian agrarian reform. |
||
| 650 |
_aReforma agraria _91861 |
||
| 650 |
_aTenencia de la tierra _98228 |
||
| 650 |
_aCooperativas agrarias _944891 |
||
| 650 |
_aIndustria azucarera _924160 |
||
| 650 |
_aHistoria _944892 |
||
| 650 |
_aPerú _944893 |
||
| 700 |
_aCadena, Aroma de la _944894 |
||
| 700 |
_aNeira Riquelme, Eloy _944895 |
||
| 710 |
_aInstituto de Estudios Peruanos (Lima) _99759 |
||
| 942 |
_2ddc _cLIBROS |
||
| 945 | _aRoel | ||